[Event "Perth op"]
[Site "Perth"]
[Date "2023.01.02"]
[Round "1"]
[White "Phillips, Max1111"]
[Black "Novakovic, Velibor"]
[Result "1-0"]
[WhiteElo "1506"]
[BlackElo "1911"]
[PlyCount "51"]
[EventDate "2023.01.02"]
[EventType "swiss"]
[EventRounds "11"]
[EventCountry "AUS"]
[SourceTitle "CBM 212 Extra"]
[Source "ChessBase"]
[SourceDate "2023.03.31"]
[SourceVersion "1"]
[SourceVersionDate "2023.03.31"]
[SourceQuality "1"]

1. e4 e5 2. Nf3 Nc6 3. Bb5 Nf6 4. 0-0 Bc5 5. c3 0-0 6. d4 exd4 7. cxd4 Bb6 8. Nc3 d6 9. Bg5 h6 10. Bh4 Bg4 11. Bxc6 bxc6 12. e5 dxe5 13. dxe5 Qxd1 14. Raxd1 Nd7 15. Rfe1 Rfe8 16. Bg3 Rab8 17. Na4 Bc5 18. Re4 Rb4 19. Rxb4 Bxb4 20. Rd4 Rd8 21. e6 Bxe6 22. Rxb4 Ne5 23. Nc3 Nd3 24. Rd4 Rxd4 25. Nxd4 Nxb2 26. Nxc6 1-0